[Event "Ouagadougou zt 4.4"]
[Site "Ouagadougou"]
[Date "2018.12.17"]
[Round "6"]
[White "Bouda, Robert"]
[Black "Kamara, Ansumana"]
[Result "1-0"]
[WhiteElo "1424"]
[BlackElo "1939"]
[PlyCount "105"]
[EventDate "2018.12.13"]
[EventType "swiss"]
[EventRounds "9"]
[EventCountry "BUR"]
[SourceTitle "CBM 187 Extra"]
[Source "ChessBase"]
[SourceDate "2018.11.04"]
[SourceVersion "1"]
[SourceVersionDate "2018.11.04"]
[SourceQuality "1"]

1. e4 c5 2. Nf3 d6 3. Bc4 Nf6 4. d3 Nc6 5. a3 Bg4 6. Nc3 e5 7. h3 Bh5 8. g4 Nxg4 9. hxg4 Bxg4 10. Bg5 Qd7 11. Be3 f5 12. Bb5 a6 13. Bxc6 bxc6 14. Qe2 Qf7 15. 0-0-0 fxe4 16. Nxe5 Bxe2 17. Nxf7 Kxf7 18. Nxe2 exd3 19. Rxd3 Be7 20. Ng3 g6 21. Ne4 c4 22. Nxd6+ Ke6 23. Nxc4 h5 24. Nd2 g5 25. Nf3 g4 26. Nd4+ Kd7 27. Nf5+ Ke6 28. Nxe7 Kxe7 29. Bg5+ Ke6 30. Bh4 Rh6 31. Re1+ Kf5 32. Rde3 Rf8 33. Re5+ Kg6 34. Re6+ Kh7 35. Rxh6+ Kxh6 36. Re6+ Kg7 37. Rxc6 Rf3 38. Rc3 Rf5 39. Re3 a5 40. c4 a4 41. Kc2 Kg6 42. Kc3 Rf4 43. c5 Rf7 44. Kb4 Rb7+ 45. Kxa4 Rxb2 46. Rc3 Rb8 47. c6 Rc8 48. c7 Kf7 49. Kb5 Ke6 50. Kb6 Kd7 51. Kb7 Rf8 52. Rd3+ Ke6 53. c8Q+ 1-0

[Event "Ouagadougou zt 4.4"]
[Site "Ouagadougou"]
[Date "2018.12.15"]
[Round "4"]
[White "Bouda, Robert"]
[Black "Koita, Idrissa"]
[Result "0-1"]
[WhiteElo "1424"]
[BlackElo "1564"]
[PlyCount "52"]
[EventDate "2018.12.13"]
[EventType "swiss"]
[EventRounds "9"]
[EventCountry "BUR"]
[SourceTitle "CBM 187 Extra"]
[Source "ChessBase"]
[SourceDate "2018.11.04"]
[SourceVersion "1"]
[SourceVersionDate "2018.11.04"]
[SourceQuality "1"]

1. e4 e5 2. Nf3 Bc5 3. Bc4 d6 4. h3 Nf6 5. d3 h6 6. c3 a6 7. a3 Nc6 8. Nbd2 d5 9. exd5 Nxd5 10. Ne4 Bb6 11. 0-0 Be6 12. Re1 Qd7 13. Bb3 0-0-0 14. Ba4 f6 15. d4 Nf4 16. Bxf4 exf4 17. Qe2 Rde8 18. Rad1 Bd5 19. Qd3 Qf7 20. Rb1 Re7 21. b3 Rhe8 22. Nfd2 f5 23. Nd6+ cxd6 24. Rxe7 Rxe7 25. f3 Re3 26. Qf1 Rxc3 0-1